00801nam a2200229Ia 450000500170000000800410001702000150005804100080007310000230008124501010010425000220020526400300022730000390025733600270029633700330032333800280035665000560038465000470044070000380048704000350052508400110056020220316235443.0121119s1964 sp a gr 000 h spa  a84261139071 aspa0 aHergéd1907-198310aTintin y el lago de los tiburonescHergé ; traducción del francés de Concepción Zendrera aPrimera edición aBarcelonabJuventudc1964 a64 páginasbilustracionesc29 cm atextobtxt2rdacontent asin mediaciónbn2rdamedia avolumenbnc2rdacarrier14aTiras cómicas, historietas, etc. 2LEMBySiglo XX14aLiteratura infantil belga 2LEMBySiglo XX1 aZendrera, Concepciónetraductor aCO-BoRNBPbspaerdacCO-BoRNBP aH HER5